[Event "BL 0405 Solinger SG - SC Baden Oos"]
[Site "?"]
[Date "2004.11.14"]
[Round "2.4"]
[White "Smeets, Jan"]
[Black "Movsesian, Sergei"]
[Result "1/2-1/2"]
[WhiteElo "2515"]
[BlackElo "2629"]
[PlyCount "137"]
[EventDate "2004.??.??"]

1. e4 c5 2. Nf3 d6 3. d4 cxd4 4. Nxd4 Nf6 5. Nc3 e6 6. Be3 Nc6 7. f3 Be7 8. Qd2
O-O 9. g4 a6 10. O-O-O Nxd4 11. Bxd4 b5 12. g5 Nd7 13. h4 Bb7 14. Qg2 Rc8 15.
Ne2 Qc7 16. Ng3 d5 17. Bd3 Bc5 18. Bxc5 Nxc5 19. Kb1 b4 20. exd5 Bxd5 21. Ne4
Bxe4 22. Bxe4 Rfd8 23. Qe2 Rxd1+ 24. Rxd1 Rd8 25. Rd2 a5 26. Qb5 Rc8 27. Bc6
Qa7 28. Rd1 Rb8 29. h5 g6 30. h6 f6 31. Qc4 fxg5 32. Rd6 Qa6 33. Qxa6 Nxa6 34.
Rxe6 Rd8 35. b3 Nc7 36. Re5 Rd6 37. Be4 Ra6 38. Kb2 Kf7 39. Rxg5 Kf6 40. Rc5
Ne6 41. Rb5 Nd8 42. a3 bxa3+ 43. Kxa3 Nf7 44. Rb7 Nxh6 45. Rxh7 Nf7 46. Ka4 Ng5
47. Rh8 Nxe4 48. fxe4 Rc6 49. Kxa5 Rc5+ 50. Ka6 Rxc2 51. b4 Ra2+ 52. Kb6 Re2
53. Re8 Kf7 54. Re5 Kf6 55. Rc5 Rxe4 56. b5 g5 57. Kc7 Re7+ 58. Kc6 Re6+ 59.
Kb7 g4 60. b6 Re1 61. Kc7 Re7+ 62. Kc6 Re6+ 63. Kb5 Re1 64. b7 Rb1+ 65. Kc6 g3
66. Rc3 g2 67. Rg3 Rc1+ 68. Kd6 Rd1+ 69. Kc7 1/2-1/2

[Event "BL 0405 Solinger SG - SC Baden Oos"]
[Site "?"]
[Date "2004.11.14"]
[Round "2.5"]
[White "Dautov, Rustem"]
[Black "Hoffmann, Michael"]
[Result "1-0"]
[WhiteElo "2623"]
[BlackElo "2468"]
[PlyCount "159"]
[EventDate "2004.??.??"]

1. d4 Nf6 2. c4 e6 3. Nf3 d5 4. Nc3 dxc4 5. e3 a6 6. a4 c5 7. Bxc4 Nc6 8. O-O
Be7 9. dxc5 Qc7 10. Bd3 Nb4 11. e4 Nd7 12. Bg5 Nxc5 13. Bxe7 Qxe7 14. Bb1 O-O
15. e5 Rd8 16. Qe2 Bd7 17. Qc4 a5 18. Ne4 Nxe4 19. Qxe4 g6 20. Qe3 Bc6 21. Be4
Bxe4 22. Qxe4 Rd5 23. h4 Rad8 24. h5 Nd3 25. hxg6 hxg6 26. b3 Qb4 27. Qe3 Qg4
28. g3 Qf5 29. Rad1 Nxe5 30. Rxd5 Rxd5 31. Nxe5 Rxe5 32. Qc3 Rc5 33. Qe3 Rd5
34. Rc1 Kg7 35. Qc3+ e5 36. Re1 Qf6 37. Kg2 Qc6 38. Qxc6 bxc6 39. Rc1 c5 40.
Kf3 Kf6 41. Ke3 Ke6 42. g4 Kd6 43. f3 Rd4 44. Rc3 Kd5 45. Rc1 f5 46. gxf5 gxf5
47. Ke2 c4 48. bxc4+ Rxc4 49. Ra1 Rd4 50. Ke3 f4+ 51. Kf2 e4 52. fxe4+ Kxe4 53.
Re1+ Kd5 54. Ra1 Kc5 55. Kf3 Kb4 56. Kg4 Kb3 57. Kf3 Rxa4 58. Rb1+ Kc4 59. Kxf4
Rb4 60. Rc1+ Kd3+ 61. Ke5 a4 62. Rh1 Re4+ 63. Kd5 a3 64. Kc5 Kc3 65. Rh3+ Kb2
66. Rh2+ Kb3 67. Rh3+ Ka4 68. Rh2 Rb4 69. Rg2 Rb2 70. Rg4+ Ka5 71. Rg8 Rc2+ 72.
Kd4 a2 73. Ra8+ Kb4 74. Kd3 Rh2 75. Rb8+ Ka3 76. Ra8+ Kb2 77. Rb8+ Kc1 78. Rc8+
Kb1 79. Rb8+ Rb2 80. Kc3 1-0

[Event "BL 0405 Solinger SG - SC Baden Oos"]
[Site "?"]
[Date "2004.11.14"]
[Round "2.6"]
[White "Werle, Jan"]
[Black "Schmaltz, Roland"]
[Result "1-0"]
[WhiteElo "2457"]
[BlackElo "2528"]
[PlyCount "75"]
[EventDate "2004.??.??"]

1. Nf3 Nf6 2. c4 c5 3. Nc3 b6 4. e4 d6 5. d4 cxd4 6. Nxd4 Bb7 7. Qe2 g6 8. Bg5
Bg7 9. O-O-O Nbd7 10. Kb1 h6 11. Bxf6 Bxf6 12. f4 a6 13. h4 e6 14. f5 Qe7 15.
fxe6 fxe6 16. g3 Ne5 17. Bh3 Bc8 18. Rhf1 O-O 19. Nf3 Nxf3 20. Rxf3 Be5 21.
Rxf8+ Qxf8 22. Qe3 Rb8 23. Ne2 b5 24. c5 dxc5 25. Nf4 Kh7 26. h5 gxh5 27. Rf1
Qe7 28. Qf3 Qf7 29. Qe2 Qe8 30. Nxh5 Qg6 31. Nf4 Qxg3 32. Qh5 Bg7 33. Bg4 e5
34. Qg6+ Kh8 35. Qe8+ Kh7 36. Qg6+ Kh8 37. Bxc8 exf4 38. Qe8+ 1-0

[Event "BL 0405 Solinger SG - SC Baden Oos"]
[Site "?"]
[Date "2004.11.14"]
[Round "2.7"]
[White "Doettling, Fabian"]
[Black "Ernst, Sipke"]
[Result "1-0"]
[WhiteElo "2526"]
[BlackElo "2521"]
[PlyCount "73"]
[EventDate "2004.??.??"]

1. Nf3 Nf6 2. c4 g6 3. Nc3 Bg7 4. e4 d6 5. d4 O-O 6. h3 Na6 7. Bg5 Qe8 8. g4 c6
9. Be2 e5 10. d5 Nc5 11. Nd2 a5 12. Be3 Qe7 13. h4 Ne8 14. Nb3 f5 15. Nxc5 dxc5
16. Na4 fxe4 17. Bxc5 Qf6 18. Nb6 Rb8 19. g5 Qf7 20. Nxc8 Rxc8 21. Bg4 Nc7 22.
Bxc8 Rxc8 23. Qg4 Re8 24. Qxe4 cxd5 25. cxd5 Nxd5 26. O-O-O Nf4 27. Kb1 Ne6 28.
Be3 Nd4 29. Rhe1 Nf3 30. Re2 Rc8 31. Rc2 Re8 32. Qd5 Bf8 33. Qxf7+ Kxf7 34.
Rd7+ Ke6 35. Rxb7 Nxh4 36. Rxh7 Nf5 37. Rh8 1-0

[Event "BL 0405 Solinger SG - SC Baden Oos"]
[Site "?"]
[Date "2004.11.14"]
[Round "2.8"]
[White "Zysk, Robert"]
[Black "Keitlinghaus, Ludger"]
[Result "1/2-1/2"]
[WhiteElo "2462"]
[BlackElo "2493"]
[PlyCount "48"]
[EventDate "2004.??.??"]

1. d4 d5 2. c4 c6 3. Nf3 Nf6 4. Nc3 a6 5. Qb3 dxc4 6. Qxc4 b5 7. Qb3 e6 8. g3
c5 9. Bg2 Bb7 10. dxc5 Bxc5 11. O-O Nbd7 12. Bg5 O-O 13. Bxf6 Nxf6 14. Ng5 Bxg2
15. Kxg2 Bd4 16. Rac1 Bxc3 17. Qxc3 Qd5+ 18. Nf3 Qxa2 19. Rfd1 b4 20. Qxb4 Rab8
21. Qd6 a5 22. Rc2 h6 23. Qd2 a4 24. Qc1 Qb3 1/2-1/2

[Event "BL 0405 SV Wattenscheid - SC Eppingen"]
[Site "?"]
[Date "2004.11.14"]
[Round "2.2"]
[White "Macieja, Bartlomiej"]
[Black "Acs, Peter"]
[Result "1/2-1/2"]
[WhiteElo "2613"]
[BlackElo "2521"]
[PlyCount "168"]
[EventDate "2004.??.??"]

1. d4 d5 2. Nf3 Nf6 3. c4 e6 4. g3 dxc4 5. Qa4+ c6 6. Qxc4 b5 7. Qb3 a6 8. a4
Bb7 9. Bg2 c5 10. axb5 Bd5 11. Qd1 axb5 12. Rxa8 Bxa8 13. O-O Nbd7 14. Nc3 Qb6
15. Be3 Be7 16. dxc5 Bxc5 17. Bxc5 Qxc5 18. Qd4 b4 19. Na2 b3 20. Nc3 O-O 21.
Ra1 Nd5 22. Qxc5 Nxc5 23. Nxd5 Bxd5 24. Nd4 Bxg2 25. Kxg2 g6 26. Ra5 Rc8 27.
Rb5 e5 28. Nxb3 Ne6 29. e3 Rc2 30. Na5 Ng5 31. Rxe5 f6 32. Re7 Kf8 33. Rb7 Ne4
34. Kf3 f5 35. Rb8+ Kg7 36. Kf4 Nxf2 37. Rb7+ Kh6 38. e4 Nxe4 39. b4 Rxh2 40.
b5 Rb2 41. g4 Rf2+ 42. Ke3 fxg4 43. Re7 Ra2 44. Rxe4 Rxa5 45. Rb4 Kg5 46. b6
Ra8 47. b7 Rb8 48. Kf2 Kf5 49. Kg3 Ke5 50. Kxg4 Kd5 51. Kg5 Kc6 52. Rc4+ Kb6
53. Rb4+ Ka6 54. Kh6 Rxb7 55. Rc4 Kb6 56. Rc1 Rc7 57. Rb1+ Kc6 58. Rd1 Rd7 59.
Rc1+ Kd6 60. Re1 Re7 61. Rd1+ Ke6 62. Re1+ Kf7 63. Rf1+ Kg8 64. Ra1 Re2 65.
Ra8+ Kf7 66. Ra7+ Kf6 67. Ra6+ Kf5 68. Ra5+ Kf4 69. Ra4+ Re4 70. Ra1 Kf3 71.
Ra3+ Kg4 72. Ra1 Kh3 73. Ra3+ Kh4 74. Ra1 Re3 75. Ra4+ Kh3 76. Ra1 Rf3 77. Ra7
Kg4 78. Ra4+ Rf4 79. Ra1 Kh4 80. Kxh7 g5 81. Rh1+ Kg4 82. Kg6 Rb4 83. Rg1+ Kh4
84. Rh1+ Kg4 1/2-1/2

[Event "BL 0405 SV Wattenscheid - SC Eppingen"]
[Site "?"]
[Date "2004.11.14"]
[Round "2.3"]
[White "Medvegy, Zoltan"]
[Black "Johannessen, Leif Erlend"]
[Result "1/2-1/2"]
[WhiteElo "2467"]
[BlackElo "2519"]
[PlyCount "66"]
[EventDate "2004.??.??"]

1. e4 c6 2. d4 d5 3. Nc3 dxe4 4. Nxe4 Bf5 5. Ng3 Bg6 6. Nf3 Nd7 7. h4 h6 8. h5
Bh7 9. Bd3 Bxd3 10. Qxd3 e6 11. Bd2 Qc7 12. Ne4 Ngf6 13. O-O-O O-O-O 14. g3
Nxe4 15. Qxe4 Bd6 16. Kb1 Rhe8 17. c4 c5 18. Bc3 Nf6 19. Qe2 cxd4 20. Nxd4 a6
21. Nf3 Qc5 22. Ne5 Bxe5 23. Bxe5 Ng4 24. Qxg4 Qxe5 25. Rhe1 Rxd1+ 26. Rxd1 Rd8
27. Rxd8+ Kxd8 28. Qf3 Qd4 29. a3 Kc8 30. Qxf7 Qd3+ 31. Kc1 Qxc4+ 32. Kd2 Qd4+
33. Kc2 Qc4+ 1/2-1/2

[Event "BL 0405 SV Wattenscheid - SC Eppingen"]
[Site "?"]
[Date "2004.11.14"]
[Round "2.5"]
[White "Miltner, Arndt"]
[Black "Appel, Ralf"]
[Result "1-0"]
[WhiteElo "2402"]
[BlackElo "2507"]
[PlyCount "79"]
[EventDate "2004.??.??"]

1. d4 Nf6 2. Nf3 e6 3. e3 d5 4. Nbd2 c5 5. c3 Nc6 6. Bd3 Bd6 7. O-O O-O 8. dxc5
Bxc5 9. b4 Bd6 10. Bb2 e5 11. e4 dxe4 12. Nxe4 Nxe4 13. Bxe4 f5 14. Bd5+ Kh8
15. b5 Ne7 16. c4 Ng6 17. h4 Nxh4 18. Nxe5 Qg5 19. f4 Bc5+ 20. Bd4 Bxd4+ 21.
Qxd4 Qf6 22. Rad1 h6 23. Rfe1 Kh7 24. a4 Re8 25. Qc5 b6 26. Qf2 Rb8 27. g3 Ng6
28. Bf7 Rxe5 29. Bxg6+ Qxg6 30. Rxe5 Bb7 31. Rd7 Be4 32. Ree7 Rg8 33. Kf1 Qh5
34. Ke1 Qh1+ 35. Kd2 Qb1 36. Kc3 Qc1+ 37. Kb3 Rc8 38. Rxg7+ Kh8 39. Rh7+ Kg8
40. Rh8+ 1-0

[Event "BL 0405 SV Wattenscheid - SC Eppingen"]
[Site "?"]
[Date "2004.11.14"]
[Round "2.7"]
[White "Koch, Wolfgang Max Dr"]
[Black "Dinstuhl, Volkmar Dr"]
[Result "1-0"]
[WhiteElo "2330"]
[BlackElo "2420"]
[PlyCount "129"]
[EventDate "2004.??.??"]

1. d4 Nf6 2. Nf3 e6 3. c4 Bb4+ 4. Bd2 a5 5. g3 b6 6. Bg2 O-O 7. O-O Ba6 8. Qc2
c6 9. Bf4 d5 10. c5 a4 11. cxb6 Qxb6 12. Nc3 Bxc3 13. bxc3 Nbd7 14. Rab1 Qa5
15. Ne5 Nxe5 16. Bxe5 Nd7 17. Bd6 Rfe8 18. Rfe1 Bc4 19. Rb7 Ra7 20. Reb1 Qa6
21. Rxa7 Qxa7 22. Rb4 Ra8 23. Qb1 Bb5 24. e4 Nf6 25. e5 Ne8 26. Bc5 Qd7 27. Rb2
Rc8 28. f4 g6 29. g4 Rb8 30. Ba3 Rb7 31. Bh3 Ba6 32. Rxb7 Qxb7 33. Qxb7 Bxb7
34. Bf1 Nc7 35. Bb4 Kg7 36. g5 h6 37. Bd3 hxg5 38. fxg5 Nb5 39. a3 Nc7 40. Bc2
c5 41. Bxc5 Bc6 42. Bd3 Nb5 43. Bb4 Kg8 44. Kf2 Kg7 45. Ke3 Kg8 46. Kd2 Kg7 47.
Bc2 Nc7 48. Bd6 Na8 49. Bc5 Nc7 50. Kc1 Kg8 51. Bd3 Kg7 52. Bb6 Nb5 53. Kb2 Kf8
54. Bc2 Ke8 55. Bxa4 Nxd4 56. Bd1 Nf5 57. Kb3 Kd7 58. Kb4 Kc8 59. Bc5 Kb7 60.
Be2 d4 61. Bxd4 Ne7 62. c4 Bg2 63. Kc5 Kc7 64. Bc3 Nc6 65. h4 1-0

[Event "BL 0405 SV Wattenscheid - SC Eppingen"]
[Site "?"]
[Date "2004.11.14"]
[Round "2.8"]
[White "Lemmers, Oscar"]
[Black "Rau, Hannes"]
[Result "1/2-1/2"]
[WhiteElo "2401"]
[BlackElo "2384"]
[PlyCount "119"]
[EventDate "2004.??.??"]

1. e4 c5 2. c3 d5 3. exd5 Qxd5 4. d4 Nf6 5. Nf3 e6 6. Na3 Be7 7. Nb5 Na6 8. Be2
O-O 9. O-O Rd8 10. Ne5 cxd4 11. Qxd4 Qxd4 12. Nxd4 Nc7 13. Bf3 Kf8 14. Rd1 Nfe8
15. Be3 f6 16. Nc4 Nd5 17. Bd2 e5 18. Nb3 b6 19. Nxe5 fxe5 20. c4 Bb7 21. Bxd5
Bxd5 22. cxd5 Rxd5 23. Bc3 Rad8 24. Rxd5 Rxd5 25. Re1 Bf6 26. f3 Kf7 27. Nd2
Nd6 28. Ne4 Nxe4 29. Rxe4 b5 30. Kf2 h5 31. Ke2 a6 32. a4 Ke6 33. axb5 axb5 34.
g3 Kf5 35. h3 Ke6 36. h4 Kf5 37. Be1 Ke6 38. Re3 Rc5 39. Kd1 Kf5 40. Bc3 Rc4
41. b3 Rc5 42. Be1 g5 43. hxg5 Bxg5 44. Re4 Rc1+ 45. Ke2 Be7 46. Bb4 Bxb4 47.
Rxb4 Rc2+ 48. Kd3 Rg2 49. g4+ hxg4 50. fxg4+ Kg5 51. Rxb5 Kf4 52. Rb4+ Kf3 53.
Re4 Rb2 54. Re3+ Kf4 55. Re4+ Kf3 56. b4 Rb1 57. Rc4 Rd1+ 58. Kc2 Rd8 59. Rc7
Kxg4 60. Re7 1/2-1/2

[Event "BL 0405 Erfurter SK - SFR Neukölln"]
[Site "?"]
[Date "2004.11.14"]
[Round "2.1"]
[White "Nataf, Igor-Alexandre"]
[Black "Haba, Petr"]
[Result "1/2-1/2"]
[WhiteElo "2565"]
[BlackElo "2520"]
[PlyCount "39"]
[EventDate "2004.??.??"]

1. e4 e5 2. Nf3 Nf6 3. Nxe5 d6 4. Nf3 Nxe4 5. Nc3 Nf6 6. d4 Be7 7. h3 O-O 8.
Bd3 Nc6 9. a3 Re8 10. O-O h6 11. Bf4 Bf8 12. Qd2 Be6 13. Rfe1 Qd7 14. Re2 a6
15. Rae1 Bf5 16. Rxe8 Rxe8 17. Rxe8 Nxe8 18. Nd5 Bxd3 19. Qxd3 Ne7 20. Nxe7+ {
(=)} 1/2-1/2

[Event "BL 0405 Erfurter SK - SFR Neukölln"]
[Site "?"]
[Date "2004.11.14"]
[Round "2.2"]
[White "Votava, Jan"]
[Black "Miroshnichenko, Evgenij"]
[Result "1/2-1/2"]
[WhiteElo "2505"]
[BlackElo "2617"]
[PlyCount "56"]
[EventDate "2004.??.??"]

1. d4 Nf6 2. c4 g6 3. g3 Bg7 4. Bg2 O-O 5. Nf3 d5 6. O-O c6 7. cxd5 cxd5 8. Nc3
e6 9. b3 Nc6 10. e3 Bd7 11. Bb2 Ne7 12. Qe2 Qa5 13. Ne5 Rfc8 14. Nxd7 Nxd7 15.
Qb5 Qc7 16. Rfc1 Nc6 17. Na4 a6 18. Qe2 b5 19. Nc5 Nxc5 20. Rxc5 Bf8 21. Rcc1
Qb6 22. h4 Rc7 23. Bf1 Rac8 24. a3 Na5 25. Qd2 Rxc1 26. Rxc1 Rxc1 27. Bxc1 Qc7
28. Bb2 Bd6 {(=)} 1/2-1/2

[Event "BL 0405 Erfurter SK - SFR Neukölln"]
[Site "?"]
[Date "2004.11.14"]
[Round "2.3"]
[White "Polzin, Rainer"]
[Black "Kuczynski, Robert"]
[Result "1/2-1/2"]
[WhiteElo "2517"]
[BlackElo "2475"]
[PlyCount "116"]
[EventDate "2004.??.??"]

1. e4 c5 2. Nf3 d6 3. d4 cxd4 4. Nxd4 Nf6 5. Nc3 a6 6. f4 Nbd7 7. Be2 g6 8. g4
Nc5 9. Nb3 Nxb3 10. axb3 Bg7 11. g5 Nd7 12. Be3 O-O 13. h4 Rb8 14. h5 b5 15.
hxg6 hxg6 16. Bd3 b4 17. Na4 Nc5 18. Nxc5 dxc5 19. Qe2 Qc7 20. O-O-O Be6 21.
Qh2 Rfc8 22. f5 Qxh2 23. Rxh2 c4 24. fxe6 cxd3 25. exf7+ Kxf7 26. Rxd3 Rh8 27.
Rf2+ Ke6 28. Bd4 Bxd4 29. Rxd4 Rh1+ 30. Kd2 Rg1 31. Rc4 Rb6 32. Rc5 Rb1 33. Rh2
Rd6+ 34. Ke3 Re1+ 35. Re2 Rb1 36. Rc4 a5 37. Rc5 a4 38. bxa4 Rxb2 39. a5 b3 40.
cxb3 Rxb3+ 41. Kf4 Ra3 42. Rb2 Rd1 43. Rb6+ Kf7 44. a6 Rf1+ 45. Ke5 Rfa1 46.
Rcc6 Ra5+ 47. Kf4 Rf1+ 48. Ke3 Ra4 49. Rb7 Re1+ 50. Kd2 Rexe4 51. a7 Re5 52.
Rcc7 Rxg5 53. Rxe7+ Kf6 54. Rf7+ Ke6 55. Rbe7+ Kd6 56. Rd7+ Ke6 57. Rfe7+ Kf6
58. Rf7+ Ke6 1/2-1/2

[Event "BL 0405 Erfurter SK - SFR Neukölln"]
[Site "?"]
[Date "2004.11.14"]
[Round "2.4"]
[White "Machelett, Heiko"]
[Black "Borriss, Martin Dr"]
[Result "1/2-1/2"]
[WhiteElo "2401"]
[BlackElo "2439"]
[PlyCount "57"]
[EventDate "2004.??.??"]

1. d4 Nf6 2. c4 g6 3. Nc3 Bg7 4. e4 d6 5. Nf3 O-O 6. Be2 e5 7. Be3 Ng4 8. Bg5
f6 9. Bc1 Nc6 10. d5 Ne7 11. h3 Nh6 12. O-O Nf7 13. b4 a5 14. Ba3 axb4 15. Bxb4
c5 16. dxc6 Nxc6 17. a3 f5 18. Bd3 Nxb4 19. axb4 Rxa1 20. Qxa1 Ng5 21. Nxg5
Qxg5 22. Qd1 Bh6 23. Qe2 Qd2 24. Qxd2 Bxd2 25. Nd5 Be6 26. Rd1 Bxd5 27. Rxd2
Be6 28. Bc2 Bxc4 29. Rxd6 {(=)} 1/2-1/2

[Event "BL 0405 Erfurter SK - SFR Neukölln"]
[Site "?"]
[Date "2004.11.14"]
[Round "2.5"]
[White "Berndt, Stephan"]
[Black "Casper, Thomas"]
[Result "1/2-1/2"]
[WhiteElo "2438"]
[BlackElo "2412"]
[PlyCount "139"]
[EventDate "2004.??.??"]

1. e4 e6 2. d4 d5 3. Nc3 h6 4. Be3 dxe4 5. Nxe4 Nd7 6. Nf3 Ngf6 7. Nxf6+ Qxf6
8. Qd2 Bd6 9. O-O-O a6 10. h4 b6 11. Bd3 Bb7 12. Bg5 hxg5 13. hxg5 Rxh1 14.
gxf6 Rxd1+ 15. Qxd1 gxf6 16. Qe2 Ke7 17. Be4 Bxe4 18. Qxe4 Rh8 19. Nh4 Rh5 20.
g3 a5 21. Qe2 Rg5 22. c4 Kd8 23. Kc2 f5 24. d5 Nc5 25. dxe6 fxe6 26. Ng2 Ne4
27. Ne1 Ke7 28. Nd3 Nc5 29. Ne5 Bxe5 30. Qxe5 Kd7 31. f3 Rg8 32. b3 Rg6 33. a3
Rg8 34. b4 axb4 35. axb4 Nb7 36. Kb3 Nd8 37. Qd4+ Kc8 38. g4 fxg4 39. fxg4 Nc6
40. Qe4 Kd7 41. Kc3 Ne7 42. b5 Rg6 43. Kd3 e5 44. Ke3 Rf6 45. g5 Rd6 46. Kf3
Rd4 47. Qh7 e4+ 48. Kf4 Rxc4 49. g6 e3+ 50. Kxe3 Rc5 51. Kf4 Rxb5 52. g7 Ke6
53. Kg4 Rc5 54. Qh8 Rc4+ 55. Kg3 Rc3+ 56. Kg2 Rc2+ 57. Kg1 Rc1+ 58. Kf2 Rc2+
59. Kf1 Rc1+ 60. Ke2 Rc2+ 61. Kd1 Rc5 62. g8=Q+ Nxg8 63. Qxg8+ Kd7 64. Kd2 Ra5
65. Kc3 Rc5+ 66. Kd4 Ra5 67. Qf7+ Kc8 68. Qe8+ Kb7 69. Qe4+ Kb8 70. Qc6 1/2-1/2

[Event "BL 0405 Erfurter SK - SFR Neukölln"]
[Site "?"]
[Date "2004.11.14"]
[Round "2.6"]
[White "Brueggemann, Joachim"]
[Black "Thiede, Lars"]
[Result "1-0"]
[WhiteElo "2404"]
[BlackElo "2442"]
[PlyCount "67"]
[EventDate "2004.??.??"]

1. e4 g6 2. d4 Bg7 3. Nf3 d6 4. Nc3 Nf6 5. Be2 O-O 6. O-O Nc6 7. h3 e5 8. dxe5
Nxe5 9. Bg5 h6 10. Be3 Ned7 11. Qd2 Kh7 12. Rad1 Re8 13. Bd3 a6 14. Bd4 b5 15.
e5 dxe5 16. Nxe5 c5 17. Nxf7 Qe7 18. Bxf6 Nxf6 19. Nd6 Rd8 20. Bxg6+ Kxg6 21.
Qd3+ Ne4 22. Ncxe4 c4 23. Nxc8 Raxc8 24. Qf3 Bxb2 25. Nd6 Rc5 26. Ne4 Rcd5 27.
Rxd5 Rxd5 28. Ng3 Re5 29. Kh2 Qf6 30. Qg4+ Rg5 31. Qe4+ Kg7 32. Rd1 Be5 33.
Rd7+ Kh8 34. Qh7# 1-0

[Event "BL 0405 SV Werder Bremen - SC Kreuzberg"]
[Site "?"]
[Date "2004.11.14"]
[Round "2.3"]
[White "Aronian, Levon"]
[Black "Babula, Vlastimil"]
[Result "1-0"]
[WhiteElo "2675"]
[BlackElo "2571"]
[PlyCount "77"]
[EventDate "2004.??.??"]

1. d4 Nf6 2. c4 e6 3. Nc3 Bb4 4. e3 c5 5. Nge2 d5 6. a3 Ba5 7. dxc5 dxc4 8.
Qxd8+ Bxd8 9. Nd4 Nbd7 10. Bxc4 Nxc5 11. f3 a6 12. b4 Ncd7 13. e4 Ne5 14. Be2
Bd7 15. Bf4 Bc7 16. g3 Rc8 17. Rc1 O-O 18. Nb3 Rfd8 19. Kf2 Bb6+ 20. Be3 Bxe3+
21. Kxe3 Nc4+ 22. Bxc4 Rxc4 23. Na5 Rc7 24. Ne2 Rxc1 25. Rxc1 b6 26. Nc6 Bxc6
27. Rxc6 Nd7 28. f4 Kf8 29. Nd4 e5 30. Nf5 a5 31. b5 g6 32. Nd6 exf4+ 33. gxf4
g5 34. Rc7 gxf4+ 35. Kxf4 Ke7 36. Nc8+ Kf8 37. Kf5 Kg7 38. Nd6 Kf8 39. Nb7 1-0

[Event "BL 0405 SV Werder Bremen - SC Kreuzberg"]
[Site "?"]
[Date "2004.11.14"]
[Round "2.4"]
[White "Nyback, Tomi"]
[Black "Socko, Bartosz"]
[Result "1-0"]
[WhiteElo "2554"]
[BlackElo "2570"]
[PlyCount "113"]
[EventDate "2004.??.??"]

1. d4 Nf6 2. c4 g6 3. Nc3 Bg7 4. e4 d6 5. f3 O-O 6. Nge2 c5 7. d5 e6 8. Ng3 Na6
9. Be2 Nc7 10. O-O Rb8 11. a4 b6 12. Bf4 Nfe8 13. Qd2 a6 14. Rab1 Bd7 15. b4
cxb4 16. Rxb4 a5 17. Rbb1 e5 18. Bg5 f6 19. Be3 Na6 20. Nb5 Nc5 21. Bd1 Bxb5
22. cxb5 Rc8 23. Rc1 Rf7 24. Rc4 Rfc7 25. Ne2 Qe7 26. Bc2 Qf8 27. Rc1 h5 28. f4
Bh6 29. Qd1 Ng7 30. Bb1 Kh8 31. Qf1 Qf7 32. Qf3 Re8 33. Rf1 Rf8 34. Kh1 Kh7 35.
Qh3 Qe8 36. g4 hxg4 37. Qxg4 Nh5 38. Qh3 Kh8 39. fxe5 Bxe3 40. exd6 Qd7 41.
Qxe3 Qxd6 42. Qh6+ Rh7 43. Qxg6 Rff7 44. Rc3 Rfg7 45. Qf5 Rh6 46. Qf2 f5 47.
Rh3 fxe4 48. Qf8+ Qxf8 49. Rxf8+ Kh7 50. Rf5 Kg6 51. Rfxh5 Rxh5 52. Nf4+ Kg5
53. Nxh5 Re7 54. Ng3 e3 55. Ne2 Nxa4 56. Rg3+ Kh4 57. Bg6 1-0

[Event "BL 0405 SV Werder Bremen - SC Kreuzberg"]
[Site "?"]
[Date "2004.11.14"]
[Round "2.5"]
[White "Maiwald, Jens-Uwe"]
[Black "Fish, Gennadij"]
[Result "0-1"]
[WhiteElo "2514"]
[BlackElo "2523"]
[PlyCount "108"]
[EventDate "2004.??.??"]

1. e4 c5 2. Nc3 e6 3. f4 Ne7 4. Nf3 Nec6 5. d3 Nd4 6. g3 Nbc6 7. Bg2 Be7 8. e5
d5 9. exd6 Bxd6 10. Ne4 O-O 11. O-O Be7 12. c3 Nxf3+ 13. Qxf3 b6 14. g4 Ba6 15.
Be3 Rc8 16. Rad1 f5 17. gxf5 exf5 18. Ng5 Bxg5 19. fxg5 Ne7 20. Bf4 Ng6 21.
Rfe1 Nh4 22. Qd5+ Kh8 23. Bh1 Ng6 24. Qd6 Bxd3 25. Bb7 Nxf4 26. Qxf4 Qc7 27.
Qf3 Rb8 28. Rxd3 Qxb7 29. Qxb7 Rxb7 30. Kf2 Kg8 31. Rd5 g6 32. Rd6 Kf7 33. Rf6+
Kg7 34. Rfe6 Rd7 35. R1e2 Rfd8 36. Rc6 Rd2 37. Rc7+ R8d7 38. Rxd2 Rxc7 39. Rd8
Kf7 40. Kf3 Ke6 41. c4 Rd7 42. Re8+ Kd6 43. b3 Kc6 44. Ke3 Rd4 45. Re7 Rh4 46.
Rxa7 Rxh2 47. Kf4 Kd6 48. Rb7 Rh4+ 49. Kf3 Ke5 50. Rxb6 Rh3+ 51. Kg2 Rc3 52. a4
Kf4 53. a5 Rc2+ 54. Kh3 h6 0-1

[Event "BL 0405 SV Werder Bremen - SC Kreuzberg"]
[Site "?"]
[Date "2004.11.14"]
[Round "2.6"]
[White "Schandorff, Lars"]
[Black "Kalinitschew, Sergey"]
[Result "1-0"]
[WhiteElo "2510"]
[BlackElo "2533"]
[PlyCount "81"]
[EventDate "2004.??.??"]

1. Nf3 e6 2. c4 f5 3. g3 b6 4. Bg2 Bb7 5. O-O Nf6 6. Nc3 Bb4 7. Qc2 O-O 8. a3
Bxc3 9. Qxc3 Nc6 10. b4 Ne7 11. Bb2 Qe8 12. d3 Qh5 13. e4 fxe4 14. Nd2 Rab8 15.
dxe4 Qg6 16. Rae1 d6 17. f4 Nd7 18. Nf3 h6 19. Bh3 Rf6 20. Bxe6+ Rxe6 21. f5
Qg4 22. fxe6 Nf6 23. Nd2 Qxe6 24. e5 Qh3 25. Re2 Nh5 26. exd6 Nf5 27. Rxf5 Qxf5
28. Qe5 Qc2 29. Nf1 Qb1 30. Re1 Qc2 31. Re2 Qd1 32. Qe6+ Kh7 33. Qf5+ Kg8 34.
Qe6+ Kh7 35. Qf5+ Kg8 36. Rd2 Qe1 37. d7 Rd8 38. Be5 Bc6 39. Qe6+ Kh7 40. Qf5+
Kg8 41. Bxc7 1-0

[Event "BL 0405 SV Werder Bremen - SC Kreuzberg"]
[Site "?"]
[Date "2004.11.14"]
[Round "2.7"]
[White "Volke, Karsten"]
[Black "Skripchenko-Lautier, Almira"]
[Result "1/2-1/2"]
[WhiteElo "2483"]
[BlackElo "2474"]
[PlyCount "121"]
[EventDate "2004.??.??"]

1. Nf3 d5 2. d4 Nf6 3. c4 dxc4 4. e3 e6 5. Bxc4 c5 6. O-O Nbd7 7. Qe2 a6 8. a4
cxd4 9. exd4 Nb6 10. Bb3 Be7 11. Nc3 O-O 12. Rd1 Nbd5 13. Ne5 Bd7 14. Bg5 Bc6
15. Nxc6 bxc6 16. a5 Nc7 17. Na4 Nfd5 18. Bxe7 Nxe7 19. Nc5 Nb5 20. Qe4 Qd6 21.
Bc2 g6 22. Qe5 Nd5 23. Bd3 Qe7 24. Bc4 Rfd8 25. Ne4 f6 26. Qg3 Kg7 27. Rac1 Nd6
28. Bxd5 cxd5 29. Nc5 Nc4 30. Re1 Rd6 31. Qc3 Rb8 32. b3 Na3 33. Qd3 Nb5 34. f4
Qf7 35. Re3 Rc6 36. Rce1 Nc7 37. h4 h5 38. Qe2 Rb5 39. Nxe6+ Nxe6 40. Rxe6 Qxe6
41. Qxe6 Rxe6 42. Rxe6 Rxa5 43. Re7+ Kg8 44. Ra7 Ra2 45. Rd7 Ra5 46. Kf2 Rb5
47. f5 gxf5 48. Kf3 Rxb3+ 49. Kf4 Rb2 50. Kxf5 Rxg2 51. Kxf6 Rg4 52. Rxd5 Rxh4
53. Rd8+ Kh7 54. d5 Rd4 55. Ke6 h4 56. Rf8 Re4+ 57. Kf5 Re1 58. Rf7+ Kg8 59.
Rb7 Kf8 60. Rh7 Ke8 61. Rxh4 1/2-1/2

[Event "BL 0405 SV Werder Bremen - SC Kreuzberg"]
[Site "?"]
[Date "2004.11.14"]
[Round "2.8"]
[White "Meins, Gerlef"]
[Black "Tischbierek, Raj"]
[Result "1/2-1/2"]
[WhiteElo "2440"]
[BlackElo "2477"]
[PlyCount "60"]
[EventDate "2004.??.??"]

1. d4 Nf6 2. Nf3 d5 3. c4 e6 4. g3 dxc4 5. Bg2 a6 6. O-O Nc6 7. e3 Bd7 8. Qe2
b5 9. Nc3 Bd6 10. e4 Be7 11. d5 Nb4 12. Ne5 exd5 13. exd5 O-O 14. a3 Nd3 15.
Nxd3 Bg4 16. Qd2 cxd3 17. Qxd3 Qd7 18. Re1 Rae8 19. Bf4 Bd6 20. Qd4 Rxe1+ 21.
Rxe1 Re8 22. Rxe8+ Nxe8 23. Be3 h6 24. Ne4 Bf5 25. b4 Bxe4 26. Bxe4 Nf6 27. Bf3
h5 28. Kg2 Ng4 29. Bd2 Qf5 30. Qe4 Qxe4 {(=)} 1/2-1/2

[Event "BL 0405 Preetzer TSV - SF Katernberg"]
[Site "?"]
[Date "2004.11.13"]
[Round "1.1"]
[White "Volokitin, Andrei"]
[Black "Rasmussen, Karsten"]
[Result "1-0"]
[WhiteElo "2652"]
[BlackElo "2462"]
[PlyCount "67"]
[EventDate "2004.??.??"]

1. e4 c6 2. d4 d5 3. e5 Bf5 4. Nf3 e6 5. Be2 Nd7 6. O-O Bg6 7. c3 Nh6 8. Na3
Nf5 9. Nc2 Be7 10. Nce1 O-O 11. g3 c5 12. h3 cxd4 13. cxd4 Rc8 14. Nd3 h6 15.
Nf4 Bh7 16. Bd3 Qb6 17. a4 Nb8 18. a5 Qd8 19. Bd2 Nc6 20. a6 bxa6 21. Rxa6 Kh8
22. Qa4 g5 23. Rxc6 Rxc6 24. Qxc6 gxf4 25. Bxf5 Bxf5 26. Bxf4 Bxh3 27. Ra1 Qb8
28. Qd7 Bg5 29. Bxg5 hxg5 30. Qe7 Bf5 31. Qf6+ Kg8 32. Qxg5+ Bg6 33. Kg2 Qxb2
34. Rh1 1-0